| 000 | 01339nam a2200301 a 4500 | ||
|---|---|---|---|
| 001 | 1003549 | ||
| 003 | OSt | ||
| 005 | 20230703161337.0 | ||
| 008 | 860821s1985 ke b 101 0 eng | ||
| 010 | _a 86980405 | ||
| 020 | _a0195725913 (pbk.) | ||
| 040 |
_aDLC _cDLC _dDLC |
||
| 043 | _af------ | ||
| 082 |
_a338.96 _bNDE |
||
| 245 | 0 | 0 |
_aDevelopment options for Africa in the 1980s and beyond / _cedited by P. Ndegwa, L.P. Mureithi, R.H. Green. |
| 260 |
_aNairobi : _bOxford University Press in association with the Society for International Development, Kenya Chapter, _c1985. |
||
| 300 |
_axii, 260 p. ; _c25 cm. |
||
| 500 | _aPapers presented at the Symposium on Development Options for Africa in the 1980s and Beyond, organized by the Kenya Chapter of the Society for International Development, held at the Kenyatta Conference Centre, Nairobi, Mar. 7-9, 1983. | ||
| 504 | _aIncludes bibliographies and index. | ||
| 651 | 0 |
_aAfrica _xEconomic policy _xCongresses. |
|
| 700 | 1 | _aNdegwa, Philip. | |
| 700 | 1 | _aMureithi, Leopold P. | |
| 700 | 1 | _aGreen, Reginald Herbold. | |
| 710 | 2 |
_aSociety for International Development. _bKenya Chapter. |
|
| 711 | 2 |
_aSymposium on Development Options for Africa in the 1980s and Beyond _d(1983 : _cNairobi, Kenya) |
|
| 906 |
_a7 _bcbc _corignew _d2 _encip _f19 _gy-gencatlg |
||
| 942 |
_2ddc _cBK |
||
| 999 |
_c3495 _d3495 |
||